[Event "Plzen, FSB A"]
[Site "?"]
[Date "2000.??.??"]
[Round "3"]
[White "Juptner, J."]
[Black "Brasser, P."]
[Result "1/2-1/2"]
[WhiteElo "2170"]
[BlackElo "1960"]
[PlyCount "61"]
[EventDate "2000.??.??"]
[Source "ChessBase"]
[SourceDate "1996.11.15"]

1. d4 d5 2. c4 c6 3. Nf3 Nf6 4. Nc3 e6 5. e3 Nbd7 6. Bd3 dxc4 7. Bxc4 b5 8. Bd3
a6 9. e4 c5 10. d5 exd5 11. exd5 Nb6 12. O-O Be7 13. Ne5 Nbxd5 14. Nc6 Qd7 15.
Nxe7 Nxe7 16. Qe2 O-O 17. Ne4 Qc6 18. Nxf6+ Qxf6 19. Qh5 Ng6 20. Be4 Rb8 21.
Qxc5 Be6 22. f3 Bc4 23. Rf2 Nf4 24. Qe3 Rbd8 25. Bd2 Nd3 26. Bc3 Qh4 27. Rd2
Nf4 28. b3 Rxd2 29. Bxd2 Ne2+ 30. Kf1 Ng3+ 31. Kg1 1/2-1/2

[Event "Plzen, FSB A"]
[Site "?"]
[Date "2000.??.??"]
[Round "3"]
[White "Warnk, T."]
[Black "Gross, D."]
[Result "0-1"]
[WhiteElo "2025"]
[BlackElo "2465"]
[PlyCount "54"]
[EventDate "2000.??.??"]
[Source "ChessBase"]
[SourceDate "1996.11.15"]

1. d4 Nf6 2. Nf3 g6 3. c4 Bg7 4. Nc3 O-O 5. Bf4 d6 6. e4 Nc6 7. Be2 Nh5 8. Be3
e5 9. O-O Nf4 10. d5 Ne7 11. Rc1 f5 12. Bxf4 exf4 13. Nd4 fxe4 14. Nxe4 Nf5 15.
Nxf5 Bxf5 16. Nc3 Qh4 17. Bd3 Bxd3 18. Qxd3 f3 19. Ne4 Bxb2 20. Rb1 Be5 21. Ng3
b6 22. Rfe1 fxg2 23. Kxg2 Rxf2+ 24. Kxf2 Qxh2+ 25. Ke3 Bxg3 26. Re2 Bf4+ 27.
Kd4 Be5+ 0-1

[Event "Plzen, FSB A"]
[Site "?"]
[Date "2000.??.??"]
[Round "3"]
[White "Volosin, L."]
[Black "Dolezal sr., R."]
[Result "1-0"]
[WhiteElo "2455"]
[BlackElo "2050"]
[PlyCount "107"]
[EventDate "2000.??.??"]
[Source "ChessBase"]
[SourceDate "1996.11.15"]

1. d4 d5 2. Nf3 Nf6 3. Bf4 e6 4. e3 Bd6 5. c3 Nbd7 6. Bd3 Qe7 7. Ne5 c5 8. Nd2
Bb8 9. O-O Nxe5 10. Bxe5 Bxe5 11. dxe5 Nd7 12. f4 g6 13. e4 Nb6 14. exd5 exd5
15. a4 Bf5 16. Bxf5 gxf5 17. a5 Nc8 18. Qa4+ Qd7 19. Qa3 Qc6 20. Nb3 c4 21. Nd4
Qd7 22. Rae1 Ne7 23. e6 fxe6 24. Rxe6 Kf7 25. Rfe1 Rae8 26. R1e5 a6 27. Qd6
Qxd6 28. Rxd6 Rd8 29. Nxf5 Rxd6 30. Nxd6+ Kf6 31. g4 h6 32. h4 Ng6 33. Rxd5
Nxh4 34. Nxc4 Rg8 35. Ne3 Ng6 36. Kf2 Re8 37. Rd6+ Kf7 38. Rb6 Nxf4 39. Rxb7+
Kg6 40. Rb6+ Kg5 41. Kf3 Nd3 42. b4 Ne5+ 43. Kf2 Kf4 44. Rf6+ Ke4 45. Rd6 Nd3+
46. Ke2 Nf4+ 47. Kd2 Kf3 48. Nc2 Re2+ 49. Kc1 Rh2 50. b5 Kxg4 51. bxa6 Rh5 52.
Ne3+ Kf3 53. Nc4 Rc5 54. a7 1-0

[Event "Plzen, FSB A"]
[Site "?"]
[Date "2000.??.??"]
[Round "3"]
[White "Gross, G."]
[Black "Ptacek, M."]
[Result "1-0"]
[WhiteElo "2350"]
[BlackElo "2035"]
[PlyCount "73"]
[EventDate "2000.??.??"]
[Source "ChessBase"]
[SourceDate "1996.11.15"]

1. d4 d5 2. Nf3 Nf6 3. c4 e6 4. g3 Be7 5. Bg2 Nbd7 6. O-O O-O 7. Nc3 c6 8. Qd3
Re8 9. e4 dxe4 10. Nxe4 Nxe4 11. Qxe4 Bf6 12. Rd1 Qe7 13. Ne5 g6 14. Be3 Bg7
15. h4 Nf6 16. Qc2 Nd7 17. Bf4 Nxe5 18. Bxe5 h5 19. Bxg7 Kxg7 20. Qc3 Kg8 21.
b4 Bd7 22. a4 Qf6 23. Rab1 Rad8 24. Qe3 Bc8 25. Qe5 Qg7 26. Qc5 a6 27. b5 cxb5
28. axb5 axb5 29. Rxb5 Rd7 30. Ra5 e5 31. Re1 Rde7 32. Rxe5 b6 33. Rxe7 bxc5
34. Rxe8+ Kh7 35. Rxc8 Qxd4 36. Bd5 Qd2 37. Ra7 1-0

[Event "Plzen, FSB A"]
[Site "?"]
[Date "2000.??.??"]
[Round "3"]
[White "Racek, J."]
[Black "Glienke, M."]
[Result "0-1"]
[WhiteElo "2130"]
[BlackElo "2345"]
[PlyCount "130"]
[EventDate "2000.??.??"]
[Source "ChessBase"]
[SourceDate "1996.11.15"]

1. d4 d5 2. Nf3 Nf6 3. c4 e6 4. Bg5 Be7 5. Nc3 O-O 6. e3 h6 7. Bh4 b6 8. cxd5
exd5 9. Bd3 Bb7 10. O-O Nbd7 11. Ne5 c5 12. Qf3 Nxe5 13. dxe5 Ne8 14. Bg3 Nc7
15. Qh5 Qe8 16. Qf5 g6 17. Qg4 h5 18. Qe2 h4 19. Bf4 Kg7 20. h3 c4 21. Bc2 b5
22. Rad1 b4 23. e6 bxc3 24. Bxc7 Bf6 25. Bd6 Qxe6 26. Bxf8+ Rxf8 27. bxc3 Bxc3
28. Qg4 Qe7 29. Kh1 f5 30. Qe2 Bc6 31. Rb1 Rf7 32. Rfc1 Be5 33. Re1 Qa3 34. Bd1
Re7 35. f3 Bg3 36. Rf1 Rxe3 37. Qd2 Qd3 38. Qxd3 Rxd3 39. Rb2 d4 40. Rc2 c3 41.
Be2 Re3 42. Bc4 Be1 43. Re2 Rxe2 44. Bxe2 Bd2 45. Bd3 a6 46. Rb1 Bb5 47. Rxb5
axb5 48. Kg1 b4 49. Kf1 Kf6 50. Ke2 Be3 51. Bc2 Ke5 52. Kd3 Kf4 53. Ke2 g5 54.
Bd3 Bg1 55. Bc2 Be3 56. Bd3 Bc1 57. Bc2 Kg3 58. Kf1 g4 59. hxg4 h3 60. gxh3
Kxf3 61. Bxf5 Bg5 62. Ke1 Ke3 63. Bb1 d3 64. Kd1 Bh4 65. g5 Bxg5 0-1

[Event "Plzen, FSB A"]
[Site "?"]
[Date "2000.??.??"]
[Round "3"]
[White "van Dijk, T."]
[Black "Michalek, J."]
[Result "0-1"]
[WhiteElo "2040"]
[BlackElo "2320"]
[PlyCount "62"]
[EventDate "2000.??.??"]
[Source "ChessBase"]
[SourceDate "1996.11.15"]

1. e4 c5 2. Nf3 Nc6 3. d4 cxd4 4. Nxd4 Nf6 5. Nc3 e5 6. Ndb5 d6 7. a4 a6 8. Na3
Bg4 9. f3 Be6 10. Bc4 Rc8 11. Nd5 Be7 12. c3 O-O 13. Be3 Nd7 14. b4 Bg5 15. Bf2
Ne7 16. h4 Bh6 17. g4 Bxd5 18. Bxd5 Bf4 19. Bxb7 Rxc3 20. Bxa6 Qb8 21. Nc2 d5
22. Bb5 Rd8 23. exd5 Nf6 24. O-O Rxd5 25. Qb1 Qc8 26. Ne1 Rxf3 27. Be2 Qxg4+
28. Ng2 Qh3 29. Nxf4 Rxf4 30. Qe1 Ng4 31. Bg3 Ne3 0-1

[Event "Plzen, FSB A"]
[Site "?"]
[Date "2000.??.??"]
[Round "3"]
[White "Mazakova, P."]
[Black "Skacel, J."]
[Result "1/2-1/2"]
[WhiteElo "2315"]
[BlackElo "2030"]
[PlyCount "50"]
[EventDate "2000.??.??"]
[Source "ChessBase"]
[SourceDate "1996.11.15"]

1. e4 c5 2. c3 Nf6 3. e5 Nd5 4. d4 cxd4 5. Nf3 d6 6. Qxd4 e6 7. Qe4 Nc6 8. Bc4
Nb6 9. Be2 Nd7 10. exd6 Nf6 11. Qc2 Bxd6 12. O-O h6 13. Nbd2 O-O 14. Nc4 Bc7
15. Rd1 Qe7 16. b3 b5 17. Ba3 b4 18. cxb4 Nxb4 19. Qd2 a5 20. Nd4 Bb7 21. Bf3
Bxf3 22. Nxf3 Rfd8 23. Qe1 Rxd1 24. Rxd1 Qc5 25. Bb2 Nxa2 1/2-1/2

[Event "Plzen, FSB A"]
[Site "?"]
[Date "2000.??.??"]
[Round "3"]
[White "Hadraba, V."]
[Black "Petrzela, P."]
[Result "1-0"]
[WhiteElo "2240"]
[BlackElo "2015"]
[PlyCount "67"]
[EventDate "2000.??.??"]
[Source "ChessBase"]
[SourceDate "1996.11.15"]

1. e4 c6 2. d4 d5 3. exd5 cxd5 4. c3 Nc6 5. Nf3 Qc7 6. Qb3 Nf6 7. Bg5 e6 8.
Nbd2 Be7 9. Bd3 Bd7 10. O-O O-O 11. Rfe1 Ne8 12. Bxe7 Nxe7 13. Ne5 Rb8 14. Qa3
Nc6 15. Nxc6 Bxc6 16. Qxa7 Nf6 17. Qc5 Qf4 18. Nf3 g5 19. Re2 h5 20. Ne5 Ng4
21. g3 Qf6 22. Nxg4 hxg4 23. Qd6 Qh6 24. Rf1 Qh5 25. Qe7 f6 26. Qxe6+ Kg7 27.
Qf5 Rf7 28. f4 Bd7 29. Qxd5 Bc6 30. Qc5 Bf3 31. Re7 Rbf8 32. fxg5 fxg5 33. Bc4
Qh3 34. Rf2 1-0

[Event "Plzen, FSB A"]
[Site "?"]
[Date "2000.??.??"]
[Round "3"]
[White "Rerabkova, L."]
[Black "Palek, M."]
[Result "0-1"]
[WhiteElo "2015"]
[BlackElo "2225"]
[PlyCount "50"]
[EventDate "2000.??.??"]
[Source "ChessBase"]
[SourceDate "1996.11.15"]

1. e4 d6 2. d4 Nf6 3. Nc3 g6 4. Nf3 Bg7 5. Bc4 O-O 6. Qe2 c6 7. e5 Nd5 8. Bd2
a5 9. Nxd5 cxd5 10. Bd3 Nc6 11. Bf4 dxe5 12. Bxe5 f6 13. Bg3 e5 14. dxe5 fxe5
15. O-O-O Qf6 16. Bxg6 hxg6 17. Rxd5 Bg4 18. Bxe5 Bxf3 19. Bxf6 Bxe2 20. Bxg7
Kxg7 21. f3 Bc4 22. Rd7+ Rf7 23. Rhd1 Re8 24. b3 Be6 25. R7d2 Bf5 0-1

[Event "Plzen, FSB A"]
[Site "?"]
[Date "2000.??.??"]
[Round "3"]
[White "Blecha, M."]
[Black "de Jong, J."]
[Result "0-1"]
[WhiteElo "2205"]
[BlackElo "2135"]
[PlyCount "128"]
[EventDate "2000.??.??"]
[Source "ChessBase"]
[SourceDate "1996.11.15"]

1. e4 Nf6 2. e5 Nd5 3. c4 Nb6 4. d4 d6 5. f4 dxe5 6. fxe5 Nc6 7. Be3 Bf5 8. Nc3
e6 9. Nf3 Be7 10. d5 Nb4 11. Nd4 Bg6 12. a3 c5 13. axb4 cxd4 14. Qxd4 Bxb4 15.
dxe6 Qxd4 16. Bxd4 O-O 17. O-O-O fxe6 18. b3 Bxc3 19. Bxc3 Rf2 20. Rd2 Raf8 21.
Rxf2 Rxf2 22. Bd4 Ra2 23. Bb2 Nd7 24. b4 Nb6 25. c5 Na4 26. Bd4 Rc2+ 27. Kd1
Nb2+ 28. Bxb2 Rxb2 29. b5 Be8 30. Kc1 Rb4 31. b6 axb6 32. cxb6 Bc6 33. Rg1 Rxb6
34. Bc4 Kf7 35. g3 Rb4 36. Bd3 h6 37. Rf1+ Ke7 38. Bg6 Be8 39. Bxe8 Kxe8 40.
Kc2 Rb5 41. Re1 Rd5 42. Kc3 Kf7 43. Re4 h5 44. h3 b5 45. Kb4 Rd3 46. Kxb5 Rxg3
47. Rf4+ Kg6 48. Kc6 Rd3 49. Rf1 Rd5 50. Rg1+ Kh6 51. Re1 g5 52. Rf1 Kg7 53.
Rg1 Rxe5 54. Kd6 Kf6 55. Kd7 Rd5+ 56. Ke8 e5 57. Rf1+ Ke6 58. Rg1 e4 59. Kf8 e3
60. Re1 Re5 61. Re2 Kf6 62. Kg8 g4 63. h4 g3 64. Kh7 Kf5 0-1

[Event "Plzen, FSB A"]
[Site "?"]
[Date "2000.??.??"]
[Round "3"]
[White "Balcar, M."]
[Black "Kuklin, V."]
[Result "0-1"]
[WhiteElo "1955"]
[BlackElo "2170"]
[PlyCount "66"]
[EventDate "2000.??.??"]
[Source "ChessBase"]
[SourceDate "1996.11.15"]

1. e4 e6 2. d4 d5 3. e5 c5 4. c3 Nc6 5. Nf3 Nge7 6. Na3 cxd4 7. cxd4 Nf5 8. Nc2
Qb6 9. Bd3 Be7 10. Bxf5 exf5 11. O-O h6 12. b3 g5 13. Kh1 Be6 14. Qd3 O-O-O 15.
Rd1 f4 16. Ba3 Bg4 17. Rac1 Kb8 18. Bxe7 Nxe7 19. Nce1 Rc8 20. Qd2 Nf5 21. Rc5
Rxc5 22. dxc5 Qxc5 23. Qxd5 Qxf2 24. Nd3 Qxg2+ 25. Kxg2 Ne3+ 26. Kf2 Nxd5 27.
Nc5 Nc3 28. Nd7+ Kc7 29. Rc1 Kxd7 30. Rxc3 Rc8 31. Rd3+ Ke7 32. Rd2 Rc5 33. Re2
Rc3 0-1

[Event "Plzen, FSB A"]
[Site "?"]
[Date "2000.??.??"]
[Round "3"]
[White "Barton, J."]
[Black "Steppuhn, T."]
[Result "1/2-1/2"]
[WhiteElo "1940"]
[BlackElo "2160"]
[PlyCount "20"]
[EventDate "2000.??.??"]
[Source "ChessBase"]
[SourceDate "1996.11.15"]

1. e4 e6 2. d4 b6 3. Nf3 Bb7 4. Bd3 Nf6 5. Bg5 h6 6. Bxf6 Qxf6 7. Nbd2 g5 8. h3
c5 9. e5 Qg7 10. Ne4 Be7 1/2-1/2

[Event "Plzen, FSB A"]
[Site "?"]
[Date "2000.??.??"]
[Round "3"]
[White "Kreiser, U."]
[Black "Bantle, M."]
[Result "1/2-1/2"]
[WhiteElo "2155"]
[BlackElo "1970"]
[PlyCount "69"]
[EventDate "2000.??.??"]
[Source "ChessBase"]
[SourceDate "1996.11.15"]

1. d4 d5 2. Nf3 c6 3. c4 Nf6 4. Nc3 e6 5. g3 Nbd7 6. Bg2 Bd6 7. O-O O-O 8. Qb3
Re8 9. Rd1 h6 10. Nd2 Qe7 11. e4 dxe4 12. Ndxe4 Bc7 13. Bd2 a5 14. Be1 Nxe4 15.
Nxe4 f5 16. Nc3 Nb6 17. Na4 Nxa4 18. Qxa4 Bd7 19. Qb3 Bc8 20. c5 a4 21. Qc4 Kh8
22. f4 Qf7 23. Bc3 Bd8 24. b3 axb3 25. axb3 Rxa1 26. Rxa1 Bf6 27. h4 Rd8 28.
Kf2 Kg8 29. Ra8 Rf8 30. h5 Kh7 31. Bf3 g5 32. hxg6+ Qxg6 33. Qf1 Qg7 34. Ra4
Rd8 35. Qc4 1/2-1/2

[Event "Plzen, FSB A"]
[Site "?"]
[Date "2000.??.??"]
[Round "3"]
[White "Vyhnalek, B."]
[Black "Priborsky, I."]
[Result "1/2-1/2"]
[WhiteElo "2155"]
[BlackElo "1955"]
[PlyCount "95"]
[EventDate "2000.??.??"]
[Source "ChessBase"]
[SourceDate "1996.11.15"]

1. e4 e5 2. Nc3 Nf6 3. f4 d5 4. fxe5 Nxe4 5. Nf3 Bc5 6. Qe2 Nxc3 7. bxc3 O-O 8.
d4 Be7 9. Bf4 Be6 10. Qd2 Nd7 11. Bd3 c5 12. O-O cxd4 13. cxd4 Nb6 14. Rab1 Qc8
15. Qf2 Bf5 16. Bg5 Bxg5 17. Nxg5 Bxd3 18. cxd3 Qd7 19. Qh4 h6 20. Nh3 Rac8 21.
Rf3 Rc6 22. Rbf1 Na8 23. Nf4 Nc7 24. Rg3 Kh7 25. Nh5 Ne8 26. h3 g6 27. Nf6+
Nxf6 28. Rxf6 Rxf6 29. Qxf6 Qe6 30. Rxg6 Qxf6 31. Rxf6 Kg7 32. Rd6 Rc8 33. Rd7
Rc1+ 34. Kh2 Ra1 35. Rxb7 Rxa2 36. Rb5 Ra3 37. Rxd5 Rxd3 38. Rd7 Kg6 39. d5 a5
40. d6 Rd5 41. Kg3 Rxe5 42. Kf4 Rd5 43. Ke4 Rd2 44. g3 Kf6 45. Ra7 Rxd6 46.
Rxa5 Rb6 47. Rf5+ Kg6 48. Rf4 1/2-1/2

[Event "Plzen, FSB A"]
[Site "?"]
[Date "2000.??.??"]
[Round "3"]
[White "Galicek, S."]
[Black "Birkenmaier, R."]
[Result "0-1"]
[WhiteElo "1940"]
[BlackElo "2150"]
[PlyCount "132"]
[EventDate "2000.??.??"]
[Source "ChessBase"]
[SourceDate "1996.11.15"]

1. d4 d5 2. c4 e6 3. Nc3 Nf6 4. Bg5 Be7 5. e3 O-O 6. Nf3 Nbd7 7. Rc1 c6 8. Bd3
dxc4 9. Bxc4 b5 10. Bd3 Bb7 11. a4 b4 12. Bxf6 Nxf6 13. Ne4 Rc8 14. Nc5 Bxc5
15. dxc5 Qa5 16. O-O Ba6 17. Bxa6 Qxa6 18. Qb3 Qb7 19. Ne5 Rfd8 20. f3 Nd7 21.
Nd3 a5 22. e4 Qc7 23. f4 Nf6 24. e5 Qd7 25. Nf2 Ne8 26. Rfd1 Qe7 27. Ne4 Rd5
28. Qc4 Rcd8 29. Nd6 Nc7 30. Re1 Qh4 31. Re2 Qg4 32. Rce1 h5 33. Re3 h4 34. Qe4
Na6 35. Nb7 Nxc5 36. Nxc5 Rxc5 37. Rf3 Rdd5 38. Qe3 Qf5 39. g3 hxg3 40. Rxg3 g6
41. Qf3 Rc4 42. Rf1 Kf8 43. Qe3 c5 44. h4 Qe4 45. h5 Qxe3+ 46. Rxe3 gxh5 47. f5
exf5 48. Rxf5 Rd2 49. Re1 Ke7 50. Ref1 Rg4+ 51. Kh1 Rh4+ 52. Kg1 Rhh2 53. Rxf7+
Ke6 54. R1f5 Rdg2+ 55. Kf1 Rxb2 56. R7f6+ Kd5 57. e6+ Kc4 58. Kg1 Rhe2 59. Rf2
Rb1+ 60. Kg2 Rbe1 61. Rxe2 Rxe2+ 62. Kf3 Re1 63. Rf4+ Kd5 64. Rf5+ Kd6 65. Rxh5
b3 66. Rh8 Kxe6 0-1

[Event "Plzen, FSB A"]
[Site "?"]
[Date "2000.??.??"]
[Round "3"]
[White "Strnad, J."]
[Black "Ratolistka, J."]
[Result "0-1"]
[WhiteElo "1920"]
[BlackElo "2150"]
[PlyCount "122"]
[EventDate "2000.??.??"]
[Source "ChessBase"]
[SourceDate "1996.11.15"]

1. Nf3 Nf6 2. g3 g6 3. Bg2 Bg7 4. O-O O-O 5. c4 c6 6. Nc3 d5 7. cxd5 cxd5 8. d4
Ne4 9. Qb3 Nxc3 10. Qxc3 Nc6 11. e3 Bf5 12. Nh4 Be6 13. Bd2 Rc8 14. Qa3 Bf6 15.
Nf3 Bf5 16. Rac1 Be4 17. b4 a6 18. Qb3 e6 19. a3 Qb6 20. Rc5 Be7 21. Rc3 Bxf3
22. Bxf3 Rc7 23. Rfc1 Rfc8 24. Qa4 Kg7 25. Be2 Na7 26. Qb3 Rxc3 27. Rxc3 Rxc3
28. Bxc3 f5 29. Kg2 Qc6 30. Bb2 b5 31. Qc3 Qxc3 32. Bxc3 Nc8 33. a4 Nd6 34.
axb5 axb5 35. f3 Kf7 36. Kf2 Ke8 37. Bd3 Kd7 38. h3 Kc6 39. Bc2 Ne8 40. e4 Nc7
41. exf5 exf5 42. Ke3 Bd6 43. f4 Na6 44. g4 fxg4 45. hxg4 Bxb4 46. Bb2 Be7 47.
f5 Bg5+ 48. Kf3 gxf5 49. gxf5 h5 50. Bd1 Bf6 51. Ke3 h4 52. Bc3 h3 53. Bf3 h2
54. Be1 b4 55. Kd3 b3 56. Bc3 Nc7 57. Bb2 Nb5 58. Bg2 Bxd4 59. Bxd4 Nxd4 60.
Kc3 Nxf5 61. Kxb3 Ng3 0-1

[Event "Plzen, FSB A"]
[Site "?"]
[Date "2000.??.??"]
[Round "3"]
[White "Hofman, M."]
[Black "Burdova, K."]
[Result "1/2-1/2"]
[WhiteElo "1900"]
[BlackElo "2130"]
[PlyCount "81"]
[EventDate "2000.??.??"]
[Source "ChessBase"]
[SourceDate "1996.11.15"]

1. Nf3 d5 2. g3 e6 3. Bg2 g6 4. d3 Bg7 5. Nbd2 Ne7 6. e4 O-O 7. O-O dxe4 8.
dxe4 e5 9. Re1 h6 10. Nf1 c6 11. Bd2 Qc7 12. Qe2 Be6 13. c4 b6 14. Rac1 a5 15.
a3 a4 16. Bb4 c5 17. Bd2 Nbc6 18. Ne3 Nd4 19. Nxd4 cxd4 20. Nd5 Bxd5 21. cxd5
Qd7 22. Bb4 Rfd8 23. Bxe7 Qxe7 24. Rc6 Qa7 25. Rec1 Rab8 26. Qf3 Rb7 27. d6
Rbd7 28. Bh3 f5 29. exf5 Rxd6 30. Rc7 Qa8 31. Qd3 e4 32. Qc4+ Qd5 33. Qxd5+
Rxd5 34. Bg2 gxf5 35. g4 d3 36. gxf5 d2 37. Rd1 Rxf5 38. Bxe4 Re5 39. f3 Rb5
40. Rc2 Bd4+ 41. Kg2 1/2-1/2

[Event "Plzen, FSB A"]
[Site "?"]
[Date "2000.??.??"]
[Round "3"]
[White "Straka, Z."]
[Black "Sladek, J."]
[Result "1-0"]
[WhiteElo "1890"]
[BlackElo "2125"]
[PlyCount "73"]
[EventDate "2000.??.??"]
[Source "ChessBase"]
[SourceDate "1996.11.15"]

1. d4 Nf6 2. Nf3 d6 3. Bf4 c6 4. Nc3 Bg4 5. e4 Qa5 6. Qd2 Bxf3 7. gxf3 e5 8.
Be3 Nbd7 9. Rg1 h6 10. f4 O-O-O 11. O-O-O exf4 12. Bxf4 g5 13. Be3 d5 14. e5
Ne8 15. f4 gxf4 16. Bxf4 Nc7 17. Kb1 Ne6 18. Be3 Bb4 19. Be2 c5 20. a3 cxd4 21.
axb4 dxe3 22. Qxe3 Qxb4 23. Nxd5 Qc5 24. Qxc5+ Ndxc5 25. Nf6 Nf4 26. Bg4+ Nce6
27. Ne4 Rxd1+ 28. Rxd1 Rd8 29. Nd6+ Kc7 30. Nxf7 Rxd1+ 31. Bxd1 h5 32. Nh6 Kc6
33. Nf5 b6 34. Bf3+ Kc5 35. Ng3 h4 36. Nf5 h3 37. Ng3 1-0

[Event "Plzen, FSB A"]
[Site "?"]
[Date "2000.??.??"]
[Round "3"]
[White "Houska, J."]
[Black "Nielsen, T."]
[Result "1-0"]
[WhiteElo "1840"]
[BlackElo "2115"]
[PlyCount "61"]
[EventDate "2000.??.??"]
[Source "ChessBase"]
[SourceDate "1996.11.15"]

1. e4 c5 2. Nf3 d6 3. d4 cxd4 4. Nxd4 Nf6 5. Nc3 g6 6. Be3 Bg7 7. f3 O-O 8. Bc4
Nc6 9. Qd2 Bd7 10. h4 Ne5 11. Bb3 Rc8 12. O-O-O Nc4 13. Bxc4 Rxc4 14. h5 Nxh5
15. g4 Nf6 16. Nd5 e6 17. Nxf6+ Qxf6 18. Qh2 Rfc8 19. Rd2 e5 20. Nf5 gxf5 21.
Qxh7+ Kf8 22. gxf5 d5 23. Rg2 Bxf5 24. exf5 e4 25. Rxg7 Rxc2+ 26. Kd1 Qxg7 27.
Bh6 Rc1+ 28. Kd2 R1c2+ 29. Ke3 d4+ 30. Kxe4 Re8+ 31. Kd3 1-0

[Event "Plzen, FSB A"]
[Site "?"]
[Date "2000.??.??"]
[Round "3"]
[White "Gutdeutsch, O."]
[Black "Vlk, M."]
[Result "1/2-1/2"]
[WhiteElo "2115"]
[BlackElo "1915"]
[PlyCount "27"]
[EventDate "2000.??.??"]
[Source "ChessBase"]
[SourceDate "1996.11.15"]

1. e4 e5 2. Bc4 Nf6 3. Nf3 Nxe4 4. O-O d5 5. Re1 Nf6 6. Rxe5+ Be6 7. Bd3 Nbd7
8. Re1 Be7 9. c3 O-O 10. Bc2 Bg4 11. d4 Re8 12. Nbd2 Bd6 13. h3 Bh5 14. Rxe8+
1/2-1/2

[Event "Plzen, FSB A"]
[Site "?"]
[Date "2000.??.??"]
[Round "3"]
[White "Priborsky, M."]
[Black "Hejberg, C."]
[Result "1/2-1/2"]
[WhiteElo "1795"]
[BlackElo "2115"]
[PlyCount "35"]
[EventDate "2000.??.??"]
[Source "ChessBase"]
[SourceDate "1996.11.15"]

1. e4 d6 2. d4 Nf6 3. Nc3 c6 4. Nf3 Bg4 5. Be2 e6 6. O-O Be7 7. h3 Bh5 8. Be3
d5 9. e5 Nfd7 10. Ne1 Bxe2 11. Nxe2 c5 12. c3 cxd4 13. cxd4 O-O 14. f4 f5 15.
Nf3 Nb6 16. b3 Ba3 17. Bc1 Be7 18. Be3 1/2-1/2

[Event "Plzen, FSB A"]
[Site "?"]
[Date "2000.??.??"]
[Round "3"]
[White "Krejcik, J."]
[Black "Sedlacek, J."]
[Result "1-0"]
[WhiteElo "2080"]
[BlackElo "1865"]
[PlyCount "51"]
[EventDate "2000.??.??"]
[Source "ChessBase"]
[SourceDate "1996.11.15"]

1. f4 d5 2. Nf3 Nf6 3. e3 Bg4 4. d4 e6 5. Nbd2 Nbd7 6. Be2 Bd6 7. O-O c6 8. Ne5
Bxe2 9. Qxe2 Qe7 10. e4 O-O-O 11. Nxc6 bxc6 12. Qa6+ Kb8 13. e5 Nb6 14. exd6
Rxd6 15. Nb3 Qb7 16. Qd3 Na4 17. f5 Rd7 18. Qg3+ Ka8 19. Qxg7 Rg8 20. Qxf6 exf5
21. Na5 Qc7 22. Qxc6+ Qxc6 23. Nxc6 Rc7 24. Nb4 Nb6 25. c3 a5 26. Nd3 1-0

[Event "Plzen, FSB A"]
[Site "?"]
[Date "2000.??.??"]
[Round "3"]
[White "Balin, K."]
[Black "Jenc, M."]
[Result "1-0"]
[WhiteElo "2065"]
[BlackElo "1790"]
[PlyCount "89"]
[EventDate "2000.??.??"]
[Source "ChessBase"]
[SourceDate "1996.11.15"]

1. d4 g6 2. c4 Bg7 3. Nc3 Nf6 4. e4 d6 5. Nf3 O-O 6. Be2 Nbd7 7. O-O e5 8. d5
Ne8 9. Bd2 f5 10. Ng5 Ndf6 11. Qc1 f4 12. Ne6 Bxe6 13. dxe6 Qe7 14. c5 Qxe6 15.
f3 Kh8 16. b4 c6 17. b5 g5 18. bxc6 bxc6 19. cxd6 Qxd6 20. Rd1 Qe6 21. Na4 Nd7
22. Bb4 c5 23. Ba3 Rc8 24. Kh1 Rf6 25. Bc4 Qc6 26. Nc3 Nd6 27. Nd5 Rf7 28. Bb3
Nb5 29. Nb4 Qb7 30. Bxf7 cxb4 31. Qd2 Nf6 32. Be6 Re8 33. Qxb4 Bf8 34. Qxf8+
Rxf8 35. Bxf8 Nd4 36. Rab1 Qa8 37. Bd6 Kg7 38. Rdc1 Qd8 39. Rb7+ Kg6 40. Bf7+
Kh6 41. Be7 Qa8 42. Rbc7 Nh5 43. Rd7 Ng7 44. Rd6+ Nge6 45. Bxe6 1-0

[Event "Plzen, FSB A"]
[Site "?"]
[Date "2000.??.??"]
[Round "3"]
[White "Zeleny, T."]
[Black "Hoff, T."]
[Result "1-0"]
[WhiteElo "1785"]
[BlackElo "2050"]
[PlyCount "83"]
[EventDate "2000.??.??"]
[Source "ChessBase"]
[SourceDate "1996.11.15"]

1. e4 g6 2. d4 Bg7 3. Nc3 d6 4. Nf3 Nd7 5. Bc4 c6 6. O-O b5 7. Bb3 a5 8. a4 b4
9. Ne2 Nb6 10. Be3 Nf6 11. e5 Nfd5 12. Qd2 Nxe3 13. fxe3 d5 14. c3 bxc3 15.
Qxc3 O-O 16. Qxc6 Ba6 17. Qc2 Bh6 18. Qd2 Bc4 19. Bxc4 Nxc4 20. Qd3 Nxb2 21.
Qc3 Nc4 22. Nf4 g5 23. Nh5 g4 24. Nh4 Nxe3 25. Nf5 Nxf5 26. Rxf5 Qb6 27. Raf1
Rac8 28. Qd3 Rc4 29. Rf6 Qxd4+ 30. Qxd4 Rxd4 31. Rxh6 Rxa4 32. Rf5 Kh8 33. Ra6
Ra2 34. e6 Rc8 35. exf7 Ra1+ 36. Rf1 Rxf1+ 37. Kxf1 Rf8 38. Ke2 a4 39. Kd3 e5
40. Re6 e4+ 41. Ke3 a3 42. Re8 1-0

[Event "Plzen, FSB A"]
[Site "?"]
[Date "2000.??.??"]
[Round "3"]
[White "Svoboda, J."]
[Black "Kozak, M."]
[Result "0-1"]
[WhiteElo "1820"]
[BlackElo "2245"]
[PlyCount "42"]
[EventDate "2000.??.??"]
[Source "ChessBase"]
[SourceDate "1996.11.15"]

1. e4 e5 2. Nf3 Nc6 3. c3 d5 4. Qa4 dxe4 5. Nxe5 Qd5 6. Nxc6 bxc6 7. Bc4 Qd7 8.
O-O Nf6 9. d4 Bd6 10. Re1 O-O 11. Bg5 Ng4 12. Nd2 Bxh2+ 13. Kh1 Qf5 14. Nxe4
Bf4 15. Qxc6 Be6 16. Bxe6 fxe6 17. Bxf4 Qxf4 18. Qxe6+ Kh8 19. g3 Qf3+ 20. Kg1
Rad8 21. Re3 Nxe3 0-1

[Event "Plzen, FSB A"]
[Site "?"]
[Date "2000.??.??"]
[Round "3"]
[White "Kupka, F."]
[Black "Kulhanek, T."]
[Result "1/2-1/2"]
[WhiteElo "2005"]
[BlackElo "2350"]
[PlyCount "95"]
[EventDate "2000.??.??"]
[Source "ChessBase"]
[SourceDate "1996.11.15"]

1. e4 c5 2. Nf3 d6 3. Bb5+ Bd7 4. Bxd7+ Qxd7 5. O-O Nc6 6. c4 g6 7. d4 cxd4 8.
Nxd4 Bg7 9. Be3 Nf6 10. f3 O-O 11. Nc3 Rac8 12. b3 Qd8 13. Qd2 Qa5 14. Rfd1 a6
15. Rac1 e6 16. Qf2 Nxd4 17. Bxd4 Rc6 18. Qb2 Qg5 19. Kh1 h5 20. Qf2 h4 21. Be3
Qh5 22. Ne2 g5 23. h3 Qg6 24. Qe1 Nh5 25. Qb4 g4 26. fxg4 Qxe4 27. Qd2 Nf6 28.
Bg5 Qg6 29. Nc3 Nh7 30. Bf4 Bxc3 31. Rxc3 Nf6 32. Rd3 d5 33. cxd5 Nxd5 34. Be5
Rfc8 35. Qf2 Rc1 36. Kh2 Rxd1 37. Rxd1 f6 38. Bd4 Rc2 39. Rd2 Rxd2 40. Qxd2 Qe4
41. Bf2 Qe5+ 42. Kh1 Qa1+ 43. Qe1 Qxa2 44. Qxe6+ Kg7 45. Qxd5 Qxf2 46. Qxb7+
Kg6 47. Qe4+ Kg5 48. Qc4 1/2-1/2

[Event "Plzen, FSB A"]
[Site "?"]
[Date "2000.??.??"]
[Round "3"]
[White "Ionescu, A."]
[Black "Vagner, T."]
[Result "1-0"]
[WhiteElo "2255"]
[BlackElo "2060"]
[PlyCount "73"]
[EventDate "2000.??.??"]
[Source "ChessBase"]
[SourceDate "1996.11.15"]

1. e4 c5 2. d3 g6 3. f4 Bg7 4. g3 d6 5. Bg2 Nc6 6. Nf3 b5 7. O-O Bb7 8. a4 b4
9. Nbd2 Qc7 10. Nc4 e6 11. e5 d5 12. Nd6+ Kf8 13. Ng5 h6 14. Ngxf7 Rh7 15. Ng5
hxg5 16. fxg5+ Bf6 17. Nxb7 Qxe5 18. Re1 Qc7 19. gxf6 Qxb7 20. Rxe6 Nd4 21. Re5
Nxf6 22. Bg5 Qb6 23. a5 Qd6 24. Bf4 Qd7 25. c3 Nc6 26. Qf3 Rf7 27. Rxd5 Nxd5
28. Qxd5 Rc8 29. Rf1 Nxa5 30. Qxd7 Rxd7 31. Bc7+ Kg7 32. Bxa5 Rxd3 33. cxb4 c4
34. b5 Rc5 35. Bc3+ Kg8 36. Be4 Rd8 37. Bxg6 1-0